| 000 | 01073nam a22003137a 4500 | ||
|---|---|---|---|
| 003 | CHAP | ||
| 005 | 20220329140231.0 | ||
| 008 | 971013s1966 r 00010 d | ||
| 010 | _a48989 | ||
| 011 | _a49961 | ||
| 035 | _a54111 | ||
| 040 | _cCHAP | ||
| 090 | _aFolleto 5237 | ||
| 110 |
_aPerú. Servicio de Investigación y Promoción Agraria _987246 |
||
| 245 | _aCultivo del mango | ||
| 260 |
_aMéxico : _bCentro Regional de Ayuda Técnica, _c1966 |
||
| 300 | _a15 p. | ||
| 490 |
_aPerú. Servicio de Investigación y Promoción Agraria. Boletín técnico _v; 46 |
||
| 590 |
_aBATCH-UPD _b10 _c20130109 _lUCH01 _h2315 |
||
| 590 |
_aBATCH-UPD _b10 _c20130110 _lUCH01 _h1052 |
||
| 590 |
_aBATCH-UPD _b10 _c20130409 _lUCH01 _h1835 |
||
| 590 |
_aBATCH-UPD _b10 _c20130914 _lUCH01 _h1743 |
||
| 590 |
_aCONVERSION _b10 _c20130109 _lUCH01 _h1327 |
||
| 650 | 1 | 4 |
_aMango. _970395 |
| 830 | 0 |
_aPerú. Servicio de Investigación y Promoción Agraria. Boletín técnico _v; 46 _987247 |
|
| 901 | _aBK | ||
| 942 | _cFOLL | ||
| 949 |
_aFolleto 5237 _bBC _cFOLL _d-119578 _eTS1 _i54111 _mD _si |
||
| 999 |
_c48989 _d48989 |
||